00578 2200229 4500001002100000005001500021035002000036007000300056008004100059020002200100082001000122084001600132100001300148245006600161250001000227260003400237300003200271650001400303700000900317990001100326990001100337INLIS00000000000270420190104023626 a0010-0119000056ta190104 g 0 ind  a978-602-1579-18-3 a641.5 a641.5 RIT s0 aRITA, TN1 a101 Resep Kue Kering Klasik & Modern /cRita TN; editor, Arum acet.3 aYogyakarta :bKatahati,c2016 a215 hlm. :bilus. ;c24 cm. aRESEP KUE0 aARUM a5557 a a5557 b